Statistics for Kings of Wessex from 802-1066 CE

Click here to take the quiz!

General Stats

  • This quiz has been taken 85 times
  • The average score is 15 of 24

Answer Stats

Date of reignName% Correct
871-899Alfred the Great
94%
865-871Aethelred I
84%
1014-1016 | 978-1013Aethelred II the Unready
82%
1016-1035Cnut the Great
82%
1035-1040Harold I Harefoot
81%
1066Harold II Godwinson
81%
924-939Aethelstan
75%
1042-1066Edward the Confessor
75%
1016Edmund II Ironside
68%
1066Edgar II Aetheling
65%
939-946Edmund I
65%
1040-1042Harthacnut
65%
830-858Aethelwulf
63%
959-975Edgar I the Peaceful
63%
899-924Edward the Elder
60%
1013-1014Sweyn Forkbeard
54%
946-955Eadred
51%
955-959Eadwig
51%
975-978Edward the Martyr
49%
802-839Ecgbehrt
47%
858-860Aethelbald
46%
860-865Aethelbehrt
41%
924Aelfweard
21%

Score Distribution

Percentile by Number Answered

Percent of People with Each Score

Your Score History

You have not taken this quiz